General Knowledge Quiz #44 - Statistics

General Stats
  • This quiz has been taken 157,778 times
    61,948 since last reset
  • The average score is 13 of 20
Answer Stats
Question Answer % Correct
What country's flag is a white rectangle, with a red circle in the center? Japan
98%
According to the Quran, a man may have as many as four ____. Wives
95%
Who is the Greek god of the sea? Poseidon
91%
What country is Greenland an autonomous part of? Denmark
86%
In popular culture, what type of animal brings newborn children? Stork
85%
What can be scalene, isosceles, or equilateral? Triangles
83%
What city is famous for "deep-dish" pizza? Chicago
82%
Which U.S. state borders four Great Lakes? Michigan
77%
In what country is Baja California located? Mexico
72%
Fill in the blank: An eye for an eye makes the whole world _____. Blind
70%
What region takes its name from a mythical race of giants, the Patagons, who Ferdinand Magellan claimed to have seen on his voyage around the world? Patagonia
68%
It happens once a year and it's named after the Roman god Janus. What is it? January
62%
Acrophobia is the fifth most common phobia in the United States. What is it? Fear of {heights}
58%
What ethnic group is famous for helping people to climb Mt. Everest? Sherpas
56%
What collection of stories were told by Scheherazade, one per night, as she tried to delay the sultan from killing her? One Thousand and One Nights
44%
What was the computer's name in "2001: A Space Odyssey"? Hal 9000
39%
Who is most often credited with the above quote (despite not actually saying it)? Mohandas Gandhi
39%
What candy was featured in the movie "E.T." after M&M's refused the opportunity? Reese's Pieces
39%
Who was the first democratically-elected President of Russia? Boris Yeltsin
37%
What does a somnambulist do? Sleepwalk
33%
No matching quizzes found
Score Distribution
Percent of People with Each Score
Percentile by Number Answered
Your Score History
You have not taken this quiz since the last reset